|
|
|
|
| LEADER |
00000nkmaa2200000 a 4500 |
| 001 |
vtls011553901 |
| 003 |
SK-MaSNL |
| 005 |
20260301040946.0 |
| 007 |
kh bo |
| 008 |
230802n xo | |||0 k|slo |
| 035 |
|
|
|a urn:nbn:sk:snk-km00cpn4
|
| 035 |
|
|
|a urn:nbn:sk:snk-km3lr00
|
| 035 |
|
|
|a 90422C69-D71E-4666-B79B-A0D2C9ADCA86
|
| 040 |
|
|
|a SNKLA
|b slo
|c SNKLA
|e AACR2
|
| 041 |
0 |
|
|a slo
|
| 044 |
|
|
|a xo
|c SK
|
| 245 |
0 |
0 |
|a [Vansová, Terézia]
|h grafika
|
| 260 |
|
|
|a [S.l.
|b s.n.
|c s.a.]
|
| 300 |
|
|
|a 1 fotografia
|b čb
|c 17 x 13 cm
|
| 500 |
|
|
|a Originál kresby sa nachádza v zbierkach Literárneho archívu SNK.
|
| 520 |
2 |
|
|a Zobrazenie: Podobizeň spisovateľky, redaktorky, publicistky, národnej a osvetovej pracovníčky, aktivistky ženského hnutia Terézie Vansovej, rodenej Medveckej (18.4.1857 Zvolenská Slatina - 10.10.1942 Banská Bystrica). Reprodukcia kresby ceruzou z 24.7.1931, podpis autora kresby je nečitateľný.
|
| 600 |
1 |
7 |
|a Vansová, Terézia,
|d 1857-1942
|2 SNKMA
|9 107793
|
| 655 |
|
7 |
|a portrétne fotografie
|2 SNKLA
|9 305796
|
| 655 |
|
7 |
|a reprodukcie umeleckých diel
|2 SNKPH
|9 70730
|
| 852 |
7 |
|
|a Slovenská národná knižnica
|b Literárny archív
|
| 958 |
|
|
|a ZO
|
| 958 |
|
|
|a BLA
|
| 999 |
|
|
|c 587232
|d 589162
|
| 952 |
|
|
|a SNKLA
|b SNKLA
|c SNKLA_DEP
|y NEVYP
|7 0
|p 17A1008244
|o snkK 18a/16
|i snkLA 1136/2013
|0 0
|1 0
|4 0
|d 2016-05-20
|f 1
|l 0
|r 2026-02-23 15:13:17
|w 2026-02-23
|